01032 a2200181 4500003000500000005001700005010001600022020001500038040000900053082001400062100001800076245007700094250001200171260005100183300003300234505055400267650002900821NUST20221123165605.0 a 71149435 a0135622239 cNust00a519.5,MIL1 aMiller, Irwin00aJohn E. Freud's Mathematical statistics /bIrwin Miller, Marylees Miller a6th ed. aEnglewood Cliffs, N.J.,bPrentice-Hallc[1971] axii, 463 p.:billus.c24 cm. aIntroductions (Page-1), Probability (Page-25), Probability Distributions and Probability (Page-73), Mathematical Expectations (Page-129), Special Probability Distributions (Page-167), Special Probability Densities (Page-203), Functions Random Variables (Page-236), Sampling Distributions (Page-266), Decision Theory (Page-300), Estimation Theory (Page-322), Estimations Applications (Page-360), Hypothesis Testing Theory (Page-384), Hypothesis Testing Applications (Page-410), Regression and Correlation (Page-449), Analysis of Variance (Page-496).  0aMathematical statistics.